书目信息 |
| 书名: | Rethinking the color line | |
| 作者: | [edited by] Charles A. Gallagher. | |
| 分册号: | ||
| 分册名: | 出版地: | Boston : |
|
| 出版社: | Mc Graw Hill | |
| 出版时间: | c2003. | |
| 页数: | xx, 626 p. : | |
| 开本: | 24 cm. | |
| 丛书名: | ||
| 中图分类号: | ||
| 科图分类号: | ||
| 其他分类号: | D771.262 | |
| 主题词: | ||
| 电子资源: | ||
| 000 | 00743nam 22000229i 450 | |
| 001 | 0202164414 | |
| 005 | 20070316113359.43 | |
| 008 | 031121m2003 u y ab b 000 0 | |
| 020 | @a0767420918 :@cUSD60.00. | |
| 041 | @aeng | |
| 090 | @aD771.262 | |
| 099 | @dD771.262@ex14 | |
| 100 | 1 | @aGallagher@cCharles A. |
| 245 | 10 | @aRethinking the color line / @c[edited by] Charles A. Gallagher. |
| 250 | @a2nd edition. | |
| 260 | 1 | @aBoston :@bMc Graw Hill,@cc2003. |
| 300 | @axx, 626 p. :@bill., map ;@c24 cm. | |
| 504 | @aIncludes bibliographical references. | |
| 650 | 4 | @aMinorities@xCivil rights@zUnited States. |
| 651 | 4 | @aUnited States@xRace relations. |
| 651 | 4 | @aUnited States@xEthnic relations. |
| 700 | 1 | @c(Charles Andrew),@d1962- |
| Rethinking the color line / / [edited by] Charles A. Gallagher.-2nd edition.-Boston : : Mc Graw Hill, , c2003. |
| xx, 626 p. : : ill., map ; ; 24 cm. |
| Includes bibliographical references. |
| ISBN 0767420918 :USD60.00. |
| ● |
| 相关链接 |
|
|
|
|
正题名:Rethinking the color line
索取号:D771.262/x14
 
预约/预借
| 序号 | 登录号 | 条形码 | 馆藏地/架位号 | 状态 | 备注 |
| 1 | 0001993 | 300019931 | 第二样本阅览室/ [索取号:D771.262/x14] | 在馆 | |
| 2 | 0001994 | 300019940 | 第四借阅区/ [索取号:D771.262/x14] | 在馆 | |
| 3 | 0001995 | 300019959 | 第四借阅区/ [索取号:D771.262/x14] | 在馆 |